Miasta nad Wisłą - Top 20 - Statystyki

Ogólne statystyki
  • Ten quiz został rozwiązany 39 razy
  • Średni wynik to 12 z 20
Statystyki odpowiedzi
Województwo Populacja Miasto % Poprawnych
pomorskie 487K Gdańsk
100%
małopolskie 806K Kraków
100%
mazowieckie 1.86M Warszawa
100%
kujawsko-pomorskie 326K Bydgoszcz
97%
kujawsko-pomorskie 194K Toruń
97%
mazowieckie 111K Płock
89%
kujawsko-pomorskie 100K Włocławek
81%
kujawsko-pomorskie 88.6K Grudziądz
73%
pomorskie 56.9K Tczew
73%
świętokrzyskie 21.2K Sandomierz
70%
małopolskie 35.5K Oświęcim
54%
podkarpackie 43.7K Tarnobrzeg
54%
lubelskie 43.8K Puławy
51%
mazowieckie 43.8K Otwock
46%
mazowieckie 28.5K Nowy Dwór Mazowiecki
38%
kujawsko-pomorskie 24.8K Świecie
27%
śląskie 34.7K Czechowice-Dziedzice
22%
mazowieckie 21.2K Józefów
19%
małopolskie 23.9K Skawina
19%
śląskie 19.1K Bieruń
5%
Nie znaleziono quizów pasujących do podanych kryteriów
Rozkład punktacji
Procent ludzi z każdym wynikiem
Percentyl według liczby udzielonych odpowiedzi
Twoja historia wyników
Nie rozwiązałeś tego quizu